Movie by IMDb Goof Quiz Stats

 Plays Quiz not verified by Sporcle

Challenge
Share
Tweet
Embed
Score 0/19 Timer 08:00
0 Plays Today
Goof Movie % Correct
When Elizabeth is trying to save Jack Sparrow just before he puts the chain of the handcuffs around her neck, the medallion is alternately in/out of her dress between shots.Pirates of the Caribbean: The Curse of the Black Pearl
94.8%
When the Scarecrow gets his brain he misquotes Pythagoras theorem by referring to an isosceles triangle; the theorem applies to right-angled triangles, not isosceles.The Wizard of Oz
94.7%
The 'Golden Ticket' is placed on the back side (smooth side) of the chocolate bar before the wrapping, however, when opened, the Golden Ticket appears on the top side of the bar.Charlie and the Chocolate Factory
92.2%
During the footage of the Autobots and the Military heading toward the city, the camera vehicle can be glimpsed reflected in the front bumper of Optimus Prime.Transformers
91.3%
As Legolas, Aragon, and one of the hobbits enter the woods of Lothlorien, you can make out tire treads in the grass starting at the lower right hand side of the screen.The Lord of the Rings: The Fellowship of the Ring
91.3%
When Lt. Dan falls off the wheelchair, he gets up with the help of his (invisible) legs.Forrest Gump
88.3%
Since every day takes place on the same day there should be the same amount of snow every night. However, there are some nights with a lot of snow and others with none.Groundhog Day
81.7%
When Lisa is playing her saxophone in the van after the family has been picked up by the EPA, an alto saxophone is heard. But Lisa plays the baritone sax.The Simpsons Movie
79.2%
When the wave hits New York, it comes at it from the Statue of Liberty and Battery Park. When we see it approach the library, it should be coming up Fifth Avenue.The Day After Tomorrow
76.1%
Just after the Battle of Falkirk when Wallace and the Bruce charge towards one another, the eye slots of the Bruce's helmet change shape.Braveheart
72.5%
Goof Movie % Correct
Japanese pilots are shown putting on white rising sun headbands and drinking a cup of sake before the takeoff. This ritual didn't appear until almost three years later.Pearl Harbor
64.2%
While killing time on the Orca, Brody is trying to learn to tie a bowline; he is reciting the method incorrectly.Jaws
53%
In the Cairo diner, Belloq refers to a watch as 'worthless, $10 from a local vendor.' However $10 in 1936 had the spending power of $153 in 2008. That's not 'worthless.'Raiders of the Lost Ark
47.4%
In the scene on the bus where all the passengers begin singing 'Tiny Dancer', the scenery outside of the bus is significantly different between each camera cut.Almost Famous
38.4%
When Noah carries Allie up the stairs, his pants are off and then at the top they are back on his ankles.The Notebook
35.3%
During the last shot of the Tiger after Capt. Miller takes his last shot and just before is hit by a bomb, modifications to the tank are visible. Saving Private Ryan
31.4%
Auto rolls the Axiom to the right by spinning to the right. After the Captain switches to manual, he levels the ship by also spinning the wheel to the right, not the left.WALL·E
23.4%
When Abigail and Riley notice two of Ian's thugs chasing them, Riley says, 'Time to run', but his lips do not move.National Treasure
20.7%
When Morty is reaching for the remote, it is peeking out over the edge of the shelf, but when he grabs it, it is clearly in the middle of the shelf, nowhere near the edge.Click
16.2%

You're not logged in!

Compare scores with friends on all Sporcle quizzes.
Join for Free
OR
Log In

You Might Also Like...

Show Comments

Extras

Top Quizzes Today


Score Distribution

Your Account Isn't Verified!

In order to create a playlist on Sporcle, you need to verify the email address you used during registration. Go to your Sporcle Settings to finish the process.

Report this User

Report this user for behavior that violates our Community Guidelines.

Details: